000 00211nam a2200097Ia 4500
008 190216s9999||||xx |||||||||||||| ||und||
100 _aMahajan.C
245 0 _aSeven Cone-Act Plays
260 _bNull
942 _cBK
999 _c13044
_d13044